000 00494nam a2200181 a 4500
001 1245
003 CO-ViMGA
008 141112s2004 ck r 000 u spa d
040 _aCO-ViMGA
_bspa
_cCO-ViMGA
082 0 4 _a863.64 S437t
100 1 _aSierra i Fabra, Jordi
_96018
245 1 0 _aTres días salvajes /
_cJordi Sierra i Fabra
260 _aMadrid :
_bS.M,
_c1995
300 _a125 p.
490 _aLos libros de Victor y Cía, 9
650 1 4 _aCUENTOS ESPAÑOLES
_93223
942 _2ddc
_cBK
999 _c13465
_d13465